S-C-I-E-N-C-E Animal Picture - Statistics

General Stats
  • This quiz has been taken 12 times
  • The average score is 5 of 7
Answer Stats
Picture Hint Answer % Correct
Land Mammal Skunk
100%
Ungulate Mammal Camel
92%
Land Mammal Elephant
92%
Aquatic Mammal Narwhal
83%
Monotreme Mammal Echidna
67%
Ruminant Mammal Caribou
50%
Ruminant Mammal Ibex
50%
No matching quizzes found
Score Distribution
Percent of People with Each Score
Percentile by Number Answered
Your Score History
You have not taken this quiz